Pokémon Arenaleiter Typen - 5. Generation - Statistiken

Allgemein
  • Dieses Quiz wurde 193 mal gespielt
  • Das Durchschnittsergebnis liegt bei 14 aus 15
Antwortstatistiken
Orden Typ % Korrekt
1.3 Feuer
100%
1.1 Pflanze
100%
1.2 Wasser
100%
5 Boden
99%
8 Drache
99%
2 Normal
99%
Top 4.4 Psycho
99%
7 Eis
98%
Top 4.2 Geist
98%
3 Käfer
98%
4 Elektro
97%
6 Flug
97%
Top 4.3 Unlicht
97%
Top 4.1 Kampf
96%
Champ Verschieden
15%
Keine übereinstimmenden Quizze gefunden
Verteilung der Resultate
Anzahl Personen mit jedem Resultat
Perzentil nach korrekt beantworteten Fragen
Ihre Resultats-Entwicklung
Sie haben dieses Quiz noch nicht gespielt